| 000 | 00950nam a22003137a 4500 | ||
|---|---|---|---|
| 003 | CHAP | ||
| 005 | 20220817041925.0 | ||
| 008 | 971013s1978 r 00010 d | ||
| 010 | _a28868 | ||
| 011 | _a29840 | ||
| 035 | _a33951 | ||
| 040 | _cCHAP | ||
| 082 |
_a146.3 _bL42Y |
||
| 100 | 0 | 0 |
_aLecourt, Dominique. _965497 |
| 245 |
_aLysenko _b: historia real de una ciencia proletaria |
||
| 260 |
_aBarcelona : _bLaia, _c1978 |
||
| 300 | _a207 p. | ||
| 490 |
_aPapel 451 _v; 44 |
||
| 590 |
_aBATCH-UPD _b10 _c20130110 _lUCH01 _h1012 |
||
| 590 |
_aBATCH-UPD _b10 _c20130410 _lUCH01 _h0620 |
||
| 590 |
_aBATCH-UPD _b10 _c20130914 _lUCH01 _h0939 |
||
| 590 |
_aCONVERSION _b10 _c20130109 _lUCH01 _h1317 |
||
| 650 | 1 | 4 |
_aCientíficos soviéticos. _923261 |
| 650 | 1 | 4 | _aMaterialismo dialéctico. |
| 830 | 0 |
_aPapel 451 _v; 44 _985388 |
|
| 901 | _aBK | ||
| 942 | _cLIBRO | ||
| 949 |
_a146.3 L42Y _bBC _cLIBRO _d33724000661385 _eLIBRO _gI.c/e _h40786 _i33951 _si _t1.60 |
||
| 999 |
_c28868 _d28868 |
||